| 000 | 00607nam a2200169 i 4500 | ||
|---|---|---|---|
| 001 | 22171 | ||
| 003 | ES-MaACL | ||
| 005 | 20230906152636.0 | ||
| 007 | t| | ||
| 008 | 021227s1868 sp ||||1| spa d | ||
| 100 | 1 |
_aZafra, Diego José Rodríguez de Bahamonde Lanz _cMarqués de. _9134009 |
|
| 245 | 1 | 0 |
_aDiscurso leído ante el claustro de la Universidad Central... / _cpor José Bahamonde y de Lanz. |
| 260 |
_aMadrid : _b[s.n.], _c1868 ( _fR. Moreno) |
||
| 300 |
_a18 p. ; _c19 cm. |
||
| 500 | _aTema: Los godos: influencia que ejercieron en la civilización española. | ||
| 852 |
_aES-MaACL _jT-368-F-20 |
||
| 999 |
_c22171 _d22171 |
||